| 000 | 00806nam a22002537a 4500 | ||
|---|---|---|---|
| 001 | BR2012002868 | ||
| 003 | BR-BrBNA | ||
| 005 | 20240112125529.0 | ||
| 007 | ta | ||
| 008 | 230509b bl.||||| |||| 00| 0 por d | ||
| 040 |
_aBR-BrBNA _bpor _cBiblioteca Nacional de Agricultura |
||
| 041 | _apor | ||
| 072 | _aQ55; E70 | ||
| 110 | 1 |
_aMinistério da Agricultura, Pecuária e Abastecimento, Brasília, DF (Brasil). Secretaria de Defesa Agropecuária _96721 |
|
| 245 | 1 | _aManual de garantia da qualidade analítica | |
| 260 | 3 |
_aBrasília, DF (Brasil): _c2011. |
|
| 300 | _a227 p. | ||
| 650 | _aCONTROLE DE QUALIDADE | ||
| 650 | _aMEDICAMENTO | ||
| 650 | _aANÁLISE QUÍMICA | ||
| 650 | _aMODELO MATEMÁTICO | ||
| 856 | _uhttps://repositorio-dspace.agricultura.gov.br/handle/1/2273 | ||
| 942 |
_cBK _2AGRIS |
||
| 999 |
_c77451 _d77451 |
||